| 000 | 00414nam a22001697a 4500 | ||
|---|---|---|---|
| 020 | _a9788126466641 | ||
| 082 |
_aM 808.84 _bSRE/V |
||
| 100 | _aSreeshamim | ||
| 245 |
_aVishwa vikhyatha theri/ _cby Sreeshamim |
||
| 260 |
_aKottayam: _bDC, _c2017. |
||
| 300 | _a158p. | ||
| 650 | _aRheotoric Essays | ||
| 650 | _aStudent Magazine | ||
| 650 | _aSerial Publication Student | ||
| 650 | _aLiterature | ||
| 942 | _cBK | ||
| 999 |
_c69713 _d69713 |
||